000 00203nam a22001217a 4500
040 _cSK
082 _a303
100 _aNA
245 _aCHANGE
260 _aNA
_bNA
_cNA
300 _a115p.
942 _cKB
999 _c9942
_d9942